000 01725nam a2200325 a 4500
001 ebr10432013
003 CaPaEBR
006 m u
007 cr cn|||||||||
008 050607s2005 tnu sb 000 0 eng d
010 _z 2005016444
020 _z0687493536 (alk. paper)
020 _z9780687493531
020 _z9781426733727 (e-book)
040 _aCaPaEBR
_cCaPaEBR
035 _a(OCoLC)698589161
050 1 4 _aBT993.3
_b.H69 2005eb
082 0 4 _a238/.11
_222
100 1 _aHowell, James C.,
_d1955-
245 1 4 _aThe life we claim
_h[electronic resource] :
_bthe Apostles' Creed for preaching, teaching, and worship /
_cJames C. Howell.
260 _aNashville :
_bAbingdon Press,
_cc2005.
300 _axiv, 173 p.
504 _aIncludes bibliographical references.
505 0 _aIntroduction to the Apostles' Creed -- God the Father Almighty -- Maker of heaven and earth -- Jesus Christ, his only Son, our Lord -- Conceived by the Holy Spirit, born of the Virgin Mary -- Suffered under Pontius Pilate -- He descended into hell -- The third day He rose from the dead -- From thence He shall come to judge the quick and the dead -- The Holy Spirit -- The Holy Catholic Church -- The communion of the Saints -- The forgiveness of sins -- The Resurrection of the body and the life everlasting.
533 _aElectronic reproduction.
_bPalo Alto, Calif. :
_cebrary,
_d2013.
_nAvailable via World Wide Web.
_nAccess may be limited to ebrary affiliated libraries.
630 0 0 _aApostles' Creed.
655 7 _aElectronic books.
_2local
710 2 _aebrary, Inc.
856 4 0 _uhttp://site.ebrary.com/lib/rucke/Doc?id=10432013
_zAn electronic book accessible through the World Wide Web; click to view
999 _c146279
_d146279